| 000 | 02283nam a22003377a 4500 | ||
|---|---|---|---|
| 005 | 20110802122414.0 | ||
| 010 | _aB-435958-967 | ||
| 020 |
_c20.00 _a8189013408 |
||
| 035 | _aB-435958-967 | ||
| 037 | _bब्लयूबेरी बुक्स | ||
| 082 | _a क | ||
| 100 |
_aजाकिर हुसैन _931388 |
||
| 245 |
_aसईदा की अम्माँ / _cजाकिर हुसैन'; पूजा पोट्टनकुलम द्वारा चित्रांकित |
||
| 246 |
_aSaida ki amma _bby Zakit Husain |
||
| 250 | _a4था हिन्दी संस्क. | ||
| 260 |
_aनई दिल्ली _bयंग ज़ुबान _c2011 |
||
| 260 |
_aनई दिल्ली _bप्रथम बुक्स _c2011 |
||
| 270 |
_bनई दिल्ली _k+911141042483 _l _mwww.prathambooks.org |
||
| 300 |
_a16पृ.; _c18x22सेमी (अजिल्द) _bसचित्र |
||
| 490 |
_a _931389 |
||
| 500 | _a | ||
| 700 |
_aपोट्टनकुलम, पूजा _930772 |
||
| 710 | _930773 | ||
| 942 |
_2ddc _cCH _mजाकिर _h क |
||
| 999 |
_c54682 _d54682 |
||